00764nam a22001457a 4500003000500000005001700005020001500022082001400037100002200051245005100073260003700124300004500161505039700206650001500603NUST20251008185930.0 a0863188079 a621.3,BIE aBiesty's, Stephen aIncredible Cross-Sections /bStephen Biesty's  aDorling KindersleybLondonc1992 a48 pb18 Amazing Buildings and Machines  aCastle (Page-4), Observatory (Page-6), Galleon (Page-8), Ocean Linear (Page-10), Submarine (Page-16), Coal Mine (Page-18), Tank (Page-20), Oil Rig (Page-22), Cathedral (Page-24), Jumbo Jet (Page-26), Car Factory (Page-28), Helicopter (Page-30), Opera House (Page-32), Steam Train (Page-34), Subway Station (Page-40), Fishing Trawler (Page-42), Empire State (Page-44), Space Shuttle (Page-46). aIncredible